[Event "World Rapid 2025"]
[Site "Doha QAT"]
[Date "2025.12.28"]
[Round "10.112"]
[White "Anwoir, Tarik"]
[Black "Murshed, Niaz"]
[Result "0-1"]
[BlackTitle "GM"]
[WhiteElo "2098"]
[BlackElo "2341"]
[WhiteFideId "9004904"]
[BlackFideId "10200010"]
[EventDate "2025.12.26"]

1. e4 e6 2. d4 d5 3. Nd2 Be7 4. c3 c5 5. exd5 Qxd5 6. Ngf3 cxd4 7. Qa4+ Nc6 8.
Bc4 Qd8 9. Nxd4 Bd7 10. Nxc6 Bxc6 11. Bb5 Bxb5 12. Qxb5+ Qd7 13. Qxd7+ Kxd7 14.
Nc4 Rc8 15. Ne5+ Ke8 16. Be3 Bc5 17. Bxc5 Rxc5 18. Nd3 Rc7 19. O-O-O Nf6 20.
Rhe1 Ke7 21. Ne5 Rhc8 22. Rd4 Nd5 23. Kb1 f6 24. Nd3 Kf7 25. Nf4 Nxc3+ 26. bxc3
e5 27. Rd6 exf4 28. Re4 g5 29. Ree6 Rxc3 30. Rxf6+ Kg7 31. Rfe6 R8c7 32. Rd2
R3c5 33. Red6 Rb5+ 34. Rb2 Rxb2+ 35. Kxb2 Re7 36. Rd2 Kf6 37. Kc2 Rc7+ 38. Kd1
Ke5 39. h3 b5 40. Rd8 a5 41. Rb8 Rc5 42. Kd2 h5 43. Rg8 Kd4 44. Rd8+ Kc4 45. Kc2
h4 46. Re8 b4 47. Re7 a4 48. Re8 Kd4+ 49. Kd2 Kc4 50. Kc2 Kb5+ 51. Kb2 Rd5 52.
Kc2 Rc5+ 53. Kb2 a3+ 54. Kb1 Kc4 55. Kc2 Kb5+ 56. Kb1 Kc6 57. Re6+ Kd5 58. Re8
Kd4 59. Rd8+ Kc3 60. Re8 Kd2 61. Rd8+ Ke2 62. f3 Kf1 63. Rd2 Re5 64. Rd4 Kxg2
65. Rxb4 Kxh3 66. Rb3 Kg2 67. Rxa3 h3 68. Ra8 h2 0-1

[Event "World Rapid 2025"]
[Site "Doha QAT"]
[Date "2025.12.28"]
[Round "10.113"]
[White "Davtyan, Artur"]
[Black "Anand, Tsogtbileg"]
[Result "1-0"]
[WhiteTitle "IM"]
[BlackTitle "CM"]
[WhiteElo "2474"]
[BlackElo "1968"]
[WhiteFideId "13308327"]
[BlackFideId "4926552"]
[EventDate "2025.12.26"]

1. e4 c5 2. Nc3 d6 3. d4 cxd4 4. Qxd4 Nc6 5. Qd2 g6 6. b3 Bh6 7. f4 Nf6 8. Bb2
O-O 9. O-O-O Bg7 10. Nf3 Be6 11. Kb1 a5 12. Bb5 Qb6 13. Rhe1 Rfc8 14. a4 Nb4 15.
h3 d5 16. exd5 Nfxd5 17. Nxd5 Bxd5 18. Bxg7 Kxg7 19. Nd4 e6 20. f5 exf5 21. c3
Be4+ 22. Rxe4 fxe4 23. cxb4 axb4 24. Qxb4 Rd8 25. Qe7 Qf6 26. Qxe4 Rd6 27. Rd3
Rad8 28. Nf3 Rxd3 29. Bxd3 Qb6 30. Ka2 Qf2+ 31. Qe2 Qc5 32. Bc4 f6 33. g4 Rd7
34. h4 Re7 35. Qd2 Qc6 36. Nd4 Qe4 37. g5 fxg5 38. hxg5 h5 39. gxh6+ Kh7 40. Qf2
Rd7 41. Qf8 Qxd4 42. Bg8+ Kh8 43. Bf7+ 1-0

[Event "World Rapid 2025"]
[Site "Doha QAT"]
[Date "2025.12.28"]
[Round "10.114"]
[White "Balakrishnan, Praveen"]
[Black "Al Mashikhi, Salim Aliyan"]
[Result "1-0"]
[WhiteTitle "GM"]
[BlackTitle "FM"]
[WhiteElo "2507"]
[BlackElo "1952"]
[WhiteFideId "2064871"]
[BlackFideId "22000046"]
[EventDate "2025.12.26"]

1. d4 d5 2. c4 c6 3. Nf3 Nf6 4. Nc3 g6 5. h3 Bg7 6. cxd5 cxd5 7. Bf4 Nc6 8. e3
a6 9. Be2 O-O 10. O-O Ne4 11. Rc1 Nxc3 12. Rxc3 Bd7 13. Qb3 Bc8 14. Rfc1 Re8 15.
Rc5 e6 16. Ne1 Bf8 17. R5c2 Bd6 18. Bxd6 Qxd6 19. Nd3 Na5 20. Qa4 Nc6 21. Nc5
Rd8 22. Qb3 Na5 23. Qc3 b6 24. b4 Nb7 25. Nxa6 Bd7 26. Nc7 Ra4 27. a3 Rc8 28.
Qb3 Qf8 29. Ba6 Rb8 30. Bb5 Bxb5 31. Nxb5 Raa8 32. Rc6 Nc5 33. Rc7 Qh6 34. Qd1
Qg5 35. Qf3 Qf5 36. Qxf5 exf5 37. Rd7 Ne6 38. Rxd5 Rc8 39. Rxc8+ Rxc8 40. h4 f4
41. Re5 Rc1+ 42. Kh2 Rc2 43. d5 fxe3 44. fxe3 Ng7 45. Nd4 Rc7 46. d6 Rd7 47. Nb5
f6 48. Rd5 Nf5 49. e4 Ne3 50. Rd3 Ng4+ 51. Kg3 Ne5 52. Rc3 Kf7 53. Rc8 f5 54.
exf5 gxf5 55. Kf4 Ng6+ 56. Kg5 h6+ 57. Kxf5 Nxh4+ 58. Ke5 Ng6+ 59. Ke4 h5 60.
Rc7 Ke6 61. Nd4+ Kxd6 62. Rc6+ Ke7 63. Rxg6 Kf7 64. Rxb6 Re7+ 65. Kf5 Re3 66.
Rb7+ Ke8 67. Ne6 Rxa3 68. Kf6 1-0

[Event "World Rapid 2025"]
[Site "Doha QAT"]
[Date "2025.12.28"]
[Round "10.115"]
[White "Aziz, Husain"]
[Black "Dahal, Sushrut"]
[Result "1-0"]
[WhiteTitle "IM"]
[BlackTitle "CM"]
[WhiteElo "2256"]
[BlackElo "2037"]
[WhiteFideId "12100293"]
[BlackFideId "12303275"]
[EventDate "2025.12.26"]

1. e4 c5 2. Nf3 e6 3. c3 Nf6 4. e5 Nd5 5. Bc4 d6 6. d4 Nd7 7. O-O cxd4 8. cxd4
N7b6 9. Bb3 Be7 10. Nc3 Nxc3 11. bxc3 d5 12. Bc2 Bd7 13. a4 Rc8 14. a5 Nc4 15.
a6 b5 16. h4 h6 17. Bd3 Rc6 18. h5 Qc8 19. Ne1 Rxa6 20. Rxa6 Qxa6 21. Qg4 Kf8
22. f4 f5 23. exf6 Bxf6 24. Nf3 Ke7 25. Ne5 Rc8 26. Re1 Rc7 27. f5 Bc8 28. fxe6
Bxe6 29. Nxc4 bxc4 30. Ba3+ Kd7 31. Rxe6 Qxa3 32. Ra6+ Kd8 33. Rxa3 cxd3 34. Qf3
d2 35. Qxd5+ Ke7 36. Ra1 1-0

[Event "World Rapid 2025"]
[Site "Doha QAT"]
[Date "2025.12.28"]
[Round "10.116"]
[White "Damaj, Mohammed"]
[Black "Alrehaili, Ahmed Abdullah S"]
[Result "1-0"]
[WhiteTitle "CM"]
[BlackTitle "FM"]
[WhiteElo "2119"]
[BlackElo "2106"]
[WhiteFideId "11501731"]
[BlackFideId "21518840"]
[EventDate "2025.12.26"]

1. e4 e5 2. Nf3 Nc6 3. Nc3 Nf6 4. h3 Be7 5. Bc4 O-O 6. d3 d6 7. a4 Be6 8. a5 a6
9. Be3 d5 10. exd5 Nxd5 11. Nxd5 Bxd5 12. O-O Bxc4 13. dxc4 Qc8 14. Re1 Qf5 15.
Qe2 Rad8 16. c3 Bf6 17. Nd2 Rfe8 18. Qg4 Qg6 19. Ne4 Be7 20. Bc5 Bf6 21. Qxg6
hxg6 22. b4 Rd3 23. Rec1 Nd8 24. Be3 Be7 25. Rd1 Rxd1+ 26. Rxd1 Ne6 27. Rd7 f5
28. Nc5 Bxc5 29. Bxc5 g5 30. Be7 Kh7 31. g3 Kg6 32. Kf1 e4 33. b5 Rh8 34. b6 Rc8
35. c5 f4 36. Ke2 cxb6 37. axb6 Nxc5 38. Rc7 f3+ 39. Ke3 Re8 40. Bxc5 Kf5 41.
Bd4 g6 42. g4+ Ke6 1-0

[Event "World Rapid 2025"]
[Site "Doha QAT"]
[Date "2025.12.28"]
[Round "10.117"]
[White "Fates, Omer Salah"]
[Black "Blackwood, Ryan"]
[Result "0-1"]
[WhiteElo "2079"]
[BlackElo "1945"]
[WhiteFideId "9212035"]
[BlackFideId "7400640"]
[EventDate "2025.12.26"]

1. e4 d5 2. exd5 Qxd5 3. Nc3 Qa5 4. d4 Nf6 5. Nf3 c6 6. Bc4 Bg4 7. Bd2 Qh5 8.
Qe2 e6 9. O-O-O Nbd7 10. h3 Bxf3 11. gxf3 O-O-O 12. Bf4 Nb6 13. Bb3 Bd6 14. Be3
Nbd5 15. Na4 g6 16. Kb1 Rhe8 17. c4 Nf4 18. Bxf4 Bxf4 19. Nc5 Nd7 20. Ne4 f5 21.
Nc3 e5 22. d5 Nc5 23. Bc2 Bg5 24. b4 Na6 25. a3 Bf6 26. dxc6 bxc6 27. Qe3 Kb7
28. b5 Nb8 29. bxc6+ Nxc6 30. Nd5 Qh4 31. Qb3+ Kc8 32. Qb5 Re6 33. Ka2 Rd7 34.
Ba4 Qxf2+ 35. Ka1 Bg7 36. Nb4 e4+ 0-1

[Event "World Rapid 2025"]
[Site "Doha QAT"]
[Date "2025.12.28"]
[Round "10.118"]
[White "Alhassadi, Yousef A."]
[Black "Alsaqer, Meshal"]
[Result "1/2-1/2"]
[WhiteTitle "FM"]
[WhiteElo "2098"]
[BlackElo "1853"]
[WhiteFideId "9204725"]
[BlackFideId "10301771"]
[EventDate "2025.12.26"]

1. e4 e6 2. d4 d5 3. Nc3 dxe4 4. Nxe4 Bd7 5. Nf3 Bc6 6. Bd3 Nd7 7. O-O Ngf6 8.
Nc3 Bxf3 9. Qxf3 c6 10. h4 Qa5 11. Bd2 Qh5 12. Qxh5 Nxh5 13. Ne4 Nhf6 14. a4 Be7
15. a5 a6 16. g3 O-O 17. Rfd1 Rfd8 18. c3 Rac8 19. b4 Nxe4 20. Bxe4 Nf6 21. Bf3
Nd5 22. Rab1 Bf6 23. Kg2 g6 24. Kh3 h5 25. Be4 Kg7 26. f3 Ne7 27. g4 hxg4+ 28.
fxg4 Nd5 29. g5 Be7 30. c4 Nc7 31. Bc3 Kg8 32. Kg4 Bf8 33. h5 gxh5+ 34. Kxh5 Bg7
35. Rd2 Rd7 36. Kg4 Rcd8 37. Rbd1 Ne8 38. Bc2 Nd6 39. Bd3 Ne8 40. Be4 Nd6 41.
Bd3 Nc8 42. Bc2 Nd6 43. Bd3 Ne8 44. Be2 Nd6 1/2-1/2

[Event "World Rapid 2025"]
[Site "Doha QAT"]
[Date "2025.12.28"]
[Round "10.119"]
[White "Bodemar, Jonathan"]
[Black "Al-Kuwari, Hamad"]
[Result "1-0"]
[WhiteTitle "CM"]
[BlackTitle "CM"]
[WhiteElo "2154"]
[BlackElo "1809"]
[WhiteFideId "6205488"]
[BlackFideId "12102679"]
[EventDate "2025.12.26"]

1. e4 e6 2. d4 d5 3. Nc3 Nf6 4. e5 Nfd7 5. f4 c5 6. Nf3 Nc6 7. Be3 a6 8. Qd2 b5
9. a3 Qb6 10. g3 cxd4 11. Nxd4 Nxd4 12. Bxd4 Bc5 13. Ne2 Bb7 14. Bg2 Rc8 15. O-O
g6 16. h3 Qc7 17. Kh2 Nb6 18. Rf3 Nc4 19. Qc1 Qb6 20. Rd3 Bxd4 21. Nxd4 Qc5 22.
b3 Nb6 23. g4 h5 24. Kg3 hxg4 25. hxg4 Qe7 26. Qe3 Nd7 27. Rdd1 Nc5 28. Rh1 Kd7
29. Rad1 Kc7 30. g5 Kb8 31. Bf3 Ne4+ 32. Bxe4 dxe4 33. a4 Rhd8 34. axb5 Qb4 35.
c4 a5 36. Rd2 a4 37. Rhd1 Rh8 38. Nc6+ Bxc6 39. bxc6 Qxb3 40. Qxb3+ axb3 41. Rd6
Ka7 42. Rb1 Rc7 43. Rxb3 Rb8 44. Ra3+ Kb6 45. Rb3+ Ka7 46. Rxb8 Kxb8 47. Rd8+
Ka7 48. c5 1-0

[Event "World Rapid 2025"]
[Site "Doha QAT"]
[Date "2025.12.28"]
[Round "10.120"]
[White "Alkhuriji, Abdulaziz N"]
[Black "AlJamaat, Khaled"]
[Result "0-1"]
[WhiteElo "1972"]
[BlackElo "1719"]
[WhiteFideId "21525919"]
[BlackFideId "12102415"]
[EventDate "2025.12.26"]

1. e4 e5 2. Nf3 Nc6 3. Bc4 Bc5 4. d3 Nf6 5. O-O d6 6. c3 a6 7. a4 h6 8. Re1 O-O
9. h3 Ba7 10. b4 Kh8 11. Be3 Ng8 12. Bxa7 Rxa7 13. Nbd2 Nge7 14. Qc2 f5 15. b5
Nb8 16. Bb3 Nd7 17. d4 exd4 18. cxd4 axb5 19. axb5 Rxa1 20. Rxa1 Nf6 21. e5 dxe5
22. dxe5 Nfd5 23. Ra8 Qe8 24. Qc5 c6 25. Nc4 Qg6 26. Nd6 Nf4 27. Nh4 Qh5 28.
Nxc8 Qxh4 29. Qxe7 Qxe7 30. Nxe7 Rxa8 31. bxc6 bxc6 32. Nxc6 Ra3 33. Bf7 g6 34.
Kh2 Kg7 35. e6 Kf6 36. Bg8 Nxe6 37. Nb4 Nf4 38. g3 Nd3 39. Nc2 Ra5 40. Kg2 Rc5
41. Ne3 Rc8 42. Bc4 Ne5 43. Be2 Rd8 44. Nf1 Rb8 45. Ne3 Rb2 46. Bf1 Rd2 47. Bb5
Nd3 48. Bxd3 Rxd3 49. Kf3 Ke5 50. Ke2 Rb3 51. Kf3 g5 52. Ke2 Ke4 53. f3+ Ke5 54.
Nc4+ Kd4 55. Nd2 Rb2 56. Kd1 Kd3 0-1

[Event "World Rapid 2025"]
[Site "Doha QAT"]
[Date "2025.12.28"]
[Round "10.121"]
[White "Khayat, Emad"]
[Black "Al-Janahi, Ibrahim"]
[Result "1-0"]
[WhiteElo "1927"]
[BlackElo "1656"]
[WhiteFideId "21518076"]
[BlackFideId "12102385"]
[EventDate "2025.12.26"]

1. d4 Nf6 2. Nf3 d5 3. g3 e6 4. Bg2 Be7 5. O-O O-O 6. c4 dxc4 7. Qc2 a6 8. a4
Bd7 9. Qxc4 Bc6 10. Bg5 Bd5 11. Qc2 Be4 12. Qc1 h6 13. Bxf6 Bxf6 14. Nbd2 Bh7
15. Rd1 Nd7 16. Nb3 c6 17. Qc3 Qc7 18. Rac1 Rfd8 19. Qa5 Qxa5 20. Nxa5 Rab8 21.
e3 Nb6 22. b3 Rd5 23. Rc5 Be7 24. Rxd5 exd5 25. Ne5 Kf8 26. Bf1 f6 27. Nexc6
bxc6 28. Nxc6 Rc8 29. Nxe7 Kxe7 30. Bxa6 Ra8 31. Bd3 Bg8 32. Rc1 Kd6 33. Rc5 Rc8
34. a5 Rxc5 35. dxc5+ Kxc5 36. axb6 Kxb6 37. b4 Be6 38. Kf1 Bd7 39. Ke2 g5 40.
h4 gxh4 41. gxh4 Bb5 42. Bxb5 Kxb5 43. Kd3 Kxb4 44. Kd4 Kb5 45. Kxd5 Kb6 46. h5
Kc7 47. Ke6 f5 48. Kxf5 Kd6 49. e4 1-0

[Event "World Rapid 2025"]
[Site "Doha QAT"]
[Date "2025.12.28"]
[Round "11.4"]
[White "Mamedyarov, Shakhriyar"]
[Black "Abdusattorov, Nodirbek"]
[Result "1-0"]
[WhiteTitle "GM"]
[BlackTitle "GM"]
[WhiteElo "2730"]
[BlackElo "2732"]
[WhiteFideId "13401319"]
[BlackFideId "14204118"]
[EventDate "2025.12.26"]

1. c4 e5 2. Nc3 Bb4 3. Qb3 Be7 4. Nf3 Nc6 5. e3 Nf6 6. d4 exd4 7. exd4 d6 8. Be2
O-O 9. O-O a6 10. Re1 d5 11. cxd5 Nb4 12. Bg5 Nbxd5 13. Bc4 Nxc3 14. bxc3 b5 15.
Bxf6 Bxf6 16. Bd5 Rb8 17. Ne5 Bxe5 18. Rxe5 Bb7 19. Bxb7 Rxb7 20. Rae1 Rb6 21.
g3 h6 22. a4 bxa4 23. Qxa4 Qd6 24. Rc5 c6 25. Qc4 Qf6 26. Kg2 g6 27. Re3 Kg7 28.
h4 h5 29. Ra5 Ra8 30. Rf3 Qe6 31. Qxe6 fxe6 32. Re5 a5 33. Rxe6 a4 34. Re7+ Kg8
35. Rf6 a3 36. Rxg6+ Kf8 37. Rgg7 Rba6 38. Ref7+ Ke8 39. Rh7 c5 40. Rb7 Rf6 41.
Ra7 1-0

[Event "World Rapid 2025"]
[Site "Doha QAT"]
[Date "2025.12.28"]
[Round "11.5"]
[White "Yu, Yangyi"]
[Black "Vachier-Lagrave, Maxime"]
[Result "0-1"]
[WhiteTitle "GM"]
[BlackTitle "GM"]
[WhiteElo "2717"]
[BlackElo "2734"]
[WhiteFideId "8603820"]
[BlackFideId "623539"]
[EventDate "2025.12.26"]

1. d4 Nf6 2. c4 g6 3. Nc3 d5 4. cxd5 Nxd5 5. e4 Nxc3 6. bxc3 Bg7 7. Bc4 c5 8.
Ne2 O-O 9. O-O Nc6 10. Be3 Bg4 11. f3 Bd7 12. Qd2 Rc8 13. Rac1 Qa5 14. Qb2 Qc7
15. Rfd1 Na5 16. Bd3 Ba4 17. Re1 e6 18. Qd2 Nc6 19. Bh6 Rfd8 20. Bxg7 Kxg7 21.
Qe3 Qd6 22. Kf2 Rb8 23. e5 Nxe5 24. dxe5 Qxd3 25. Qf4 Bc2 26. g4 Qd2 27. Qf6+
Kg8 28. Kg3 g5 29. h4 gxh4+ 30. Kxh4 Bg6 31. Kg3 Qh6 32. Rcd1 Rxd1 33. Rxd1 Qg7
34. Rd7 a5 35. Rc7 b6 36. Nf4 Qf8 37. a3 a4 38. c4 Qd8 39. Rb7 Qf8 40. Ra7 Ra8
41. Rb7 Rb8 42. Ra7 Ra8 43. Rd7 Rb8 44. Rc7 Ra8 45. Rd7 Rb8 46. Qg5 Kh8 47. Qh4
Kg8 48. Qf6 Ra8 49. Kf2 Rb8 50. Kg2 Ra8 51. Kg3 Rb8 52. Kh4 Qh6+ 53. Nh5 Qf8 54.
Nf4 Qh6+ 55. Nh5 Qf8 56. Ra7 Bxh5 57. gxh5 h6 58. Kg4 Rd8 59. f4 Rd4 60. Rb7
Rxc4 61. Rxb6 Qg7+ 62. Qxg7+ Kxg7 63. Ra6 Rd4 64. Ra7 Rc4 65. Ra8 Rd4 66. Ra7
Kf8 67. Ra8+ Ke7 68. Ra7+ Ke8 69. Ra8+ Kd7 70. Ra7+ Kc6 71. Rxf7 c4 72. Rf8 Kd5
73. Rc8 Rd3 74. Rd8+ Ke4 75. Rd6 Rf3 76. Rxe6 Rxf4+ 77. Kg3 Rf3+ 78. Kg4 Rxa3
79. Rxh6 Kxe5 80. Rc6 Kd5 81. h6 Ra1 82. Ra6 c3 83. h7 Rg1+ 84. Kf5 Rh1 85. Ra5+
Kd6 86. Kg6 c2 0-1

[Event "World Rapid 2025"]
[Site "Doha QAT"]
[Date "2025.12.28"]
[Round "11.6"]
[White "Sindarov, Javokhir"]
[Black "Maghsoodloo, Parham"]
[Result "1-0"]
[WhiteTitle "GM"]
[BlackTitle "GM"]
[WhiteElo "2726"]
[BlackElo "2708"]
[WhiteFideId "14205483"]
[BlackFideId "12539929"]
[EventDate "2025.12.26"]

1. e4 c6 2. Nf3 d5 3. d3 Bg4 4. h3 Bh5 5. Qe2 e6 6. g4 Bg6 7. h4 h5 8. g5 Bd6 9.
Ng1 Qc7 10. Nh3 Ne7 11. Nc3 Nd7 12. Bg2 dxe4 13. Nxe4 Bxe4 14. Bxe4 Nc5 15. f4
O-O-O 16. Be3 Nxe4 17. dxe4 Ng6 18. e5 Qa5+ 19. c3 Bc7 20. Nf2 Ne7 21. Ne4 Nf5
22. Bd2 Qb6 23. O-O-O Rd5 24. c4 Qa6 25. Kb1 Rhd8 26. b3 g6 27. Rhe1 Rd4 28. Bc3
Rxd1+ 29. Rxd1 Qb6 30. Rxd8+ Kxd8 31. Qd1+ Kc8 32. c5 Qb5 33. a4 Qa6 34. Nf6 Kb8
35. Qd7 b5 36. Ne8 Qb7 37. axb5 cxb5 38. c6 Qb6 39. Nxc7 Qxc7 40. Ba5 Qc8 41.
c7+ Kb7 42. Qxb5+ 1-0

[Event "World Rapid 2025"]
[Site "Doha QAT"]
[Date "2025.12.28"]
[Round "11.7"]
[White "So, Wesley"]
[Black "Robson, Ray"]
[Result "1-0"]
[WhiteTitle "GM"]
[BlackTitle "GM"]
[WhiteElo "2753"]
[BlackElo "2650"]
[WhiteFideId "5202213"]
[BlackFideId "2023970"]
[EventDate "2025.12.26"]

1. e4 e5 2. Nc3 Nf6 3. g3 d5 4. exd5 Nxd5 5. Bg2 Nxc3 6. bxc3 Nc6 7. Nf3 Bc5 8.
O-O O-O 9. Re1 Qf6 10. d3 h6 11. a4 Bd7 12. Be3 Bxe3 13. Rxe3 Rae8 14. a5 b6 15.
axb6 axb6 16. Qe2 Re7 17. Nd2 Rfe8 18. Qh5 Qg5 19. Qe2 f5 20. Re1 Qf6 21. Nc4 f4
22. Bd5+ Kh8 23. Re4 Qf5 24. Qf3 g5 25. Qh5 Kg7 26. R4e2 b5 27. Nd2 Nd8 28. d4
c6 29. Be4 Qf7 30. Bf3 Bf5 31. Qxf7+ Kxf7 32. Ne4 Bxe4 1-0

[Event "World Rapid 2025"]
[Site "Doha QAT"]
[Date "2025.12.28"]
[Round "11.8"]
[White "Gukesh, D"]
[Black "Henriquez Villagra, Cristobal"]
[Result "1/2-1/2"]
[WhiteTitle "GM"]
[BlackTitle "GM"]
[WhiteElo "2754"]
[BlackElo "2598"]
[WhiteFideId "46616543"]
[BlackFideId "3409350"]
[EventDate "2025.12.26"]

1. e4 c5 2. Nf3 d6 3. d4 cxd4 4. Nxd4 Nf6 5. Nc3 Nc6 6. Be2 g6 7. Be3 Bg7 8. O-O
O-O 9. h3 d5 10. Nxc6 bxc6 11. e5 Nd7 12. f4 e6 13. Na4 Qe7 14. c4 f6 15. exf6
Qxf6 16. cxd5 exd5 17. Bg4 Nb6 18. Bxc8 Raxc8 19. Nxb6 axb6 20. a4 d4 21. Bd2 c5
22. b3 Qc6 23. Qg4 Qd5 24. Rab1 Rce8 25. Qf3 Qf5 26. Rbc1 h5 27. b4 d3 28. bxc5
Bd4+ 29. Kh1 bxc5 30. a5 Re2 31. Rfd1 Rf2 32. Qb7 Rxd2 33. Rxd2 Be3 34. Qb3+ Kh7
35. Rcd1 Bxd2 36. Rxd2 Qxf4 37. Qxd3 Qf1+ 38. Kh2 Qxd3 39. Rxd3 Ra8 40. Ra3 c4
41. Kg3 c3 42. Rxc3 1/2-1/2

[Event "World Rapid 2025"]
[Site "Doha QAT"]
[Date "2025.12.28"]
[Round "11.9"]
[White "Dubov, Daniil"]
[Black "Shimanov, Aleksandr"]
[Result "0-1"]
[WhiteTitle "GM"]
[BlackTitle "GM"]
[WhiteElo "2672"]
[BlackElo "2578"]
[WhiteFideId "24126055"]
[BlackFideId "4198603"]
[EventDate "2025.12.26"]

1. d4 Nf6 2. c4 d6 3. Nf3 g6 4. Nc3 Bg7 5. Bg5 h6 6. Bh4 g5 7. Bg3 Nh5 8. e3 c5
9. d5 Nxg3 10. hxg3 Bxc3+ 11. bxc3 Kd7 12. a4 a5 13. Be2 Kc7 14. Nd2 Nd7 15. Bg4
Qf8 16. Bxd7 Bxd7 17. Rb1 b6 18. Rb2 Qe8 19. Ra2 e5 20. dxe6 Qxe6 21. Qh5 f5 22.
O-O Be8 23. Qf3 Bc6 24. Qh5 g4 25. Re1 Rhg8 26. Qh2 Rg5 27. Kf1 d5 28. cxd5 Qxd5
29. c4 Qe6 30. f4 gxf3 31. gxf3 Rag8 32. Kf2 Rxg3 33. Qxg3+ Rxg3 34. Kxg3 Qe5+
35. Kg2 h5 36. Nf1 h4 37. Rf2 Qe6 38. Kh2 Qxc4 39. e4 Qd4 40. Ree2 Bxa4 41. Ne3
fxe4 42. f4 Bb3 43. f5 a4 44. f6 Bf7 45. Ng4 a3 46. Kh3 Qa1 47. Nh6 a2 48. Nxf7
Qh1+ 49. Kg4 a1=Q 50. Ng5 e3 51. f7 Qd4+ 52. Rf4 Qg1+ 53. Kf5 Qd5+ 0-1

[Event "World Rapid 2025"]
[Site "Doha QAT"]
[Date "2025.12.28"]
[Round "11.10"]
[White "Lazavik, Denis"]
[Black "Giri, Anish"]
[Result "1/2-1/2"]
[WhiteTitle "GM"]
[BlackTitle "GM"]
[WhiteElo "2605"]
[BlackElo "2760"]
[WhiteFideId "13515110"]
[BlackFideId "24116068"]
[EventDate "2025.12.26"]

1. c4 g6 2. Nc3 Bg7 3. d4 Nf6 4. e4 d6 5. Be2 O-O 6. Nf3 e5 7. O-O Re8 8. d5 a5
9. Be3 Na6 10. Nd2 Bd7 11. Rb1 Qe7 12. a3 Reb8 13. h3 Qf8 14. b4 axb4 15. axb4
c5 16. dxc6 bxc6 17. b5 Nc5 18. Qc2 Ne6 19. bxc6 Bxc6 20. Nd5 Bxd5 21. cxd5 Nd4
22. Bxd4 exd4 23. Rxb8 Rxb8 24. Rb1 Nd7 25. Rxb8 Qxb8 26. Nb3 h5 27. h4 Bf6 28.
g3 Kg7 29. Kg2 Qb4 30. Nc1 Nc5 1/2-1/2

[Event "World Rapid 2025"]
[Site "Doha QAT"]
[Date "2025.12.28"]
[Round "11.11"]
[White "Sarana, Alexey"]
[Black "Andreikin, Dmitry"]
[Result "1/2-1/2"]
[WhiteTitle "GM"]
[BlackTitle "GM"]
[WhiteElo "2673"]
[BlackElo "2710"]
[WhiteFideId "24133795"]
[BlackFideId "4158814"]
[EventDate "2025.12.26"]

1. d4 Nf6 2. c4 e6 3. Nf3 b6 4. a3 Bb7 5. Nc3 d5 6. Qa4+ c6 7. cxd5 exd5 8. Bg5
Be7 9. e3 O-O 10. Bd3 h6 11. Bf4 c5 12. O-O a6 13. Ne5 b5 14. Qd1 Nc6 15. Nxc6
Bxc6 16. dxc5 Bxc5 17. Rc1 Bd6 18. Ne2 Bxf4 19. Nxf4 Qd6 20. Bb1 b4 21. Qb3 Rab8
22. Rfd1 bxa3 23. Qxa3 Qxa3 24. bxa3 Ba4 25. Rd4 Rfc8 26. Rxc8+ Rxc8 27. f3 Bb5
28. Kf2 g5 29. Ne2 Bc4 30. Bd3 Bxd3 31. Rxd3 Rc2 32. Rc3 Ra2 33. Rc6 Nd7 34. Rd6
Nc5 35. Rxd5 Nb3 36. Rd1 a5 37. f4 gxf4 38. exf4 a4 39. g4 Rxa3 40. Rd8+ Kh7 41.
Ra8 Ra2 42. Ke3 a3 43. h4 Rxe2+ 44. Kxe2 a2 45. Kd3 a1=Q 46. Rxa1 Nxa1 47. Kc3
h5 48. gxh5 f5 49. Kd4 Nc2+ 50. Kd3 Ne1+ 51. Ke2 Ng2 52. Kf3 Ne1+ 53. Ke2 Nc2
54. Kd3 Nb4+ 55. Kd4 Nc6+ 56. Kd5 Ne7+ 57. Ke6 Ng8 58. Kf7 Nh6+ 59. Kf6 Ng4+ 60.
Kxf5 Nf2 61. Kg5 Ne4+ 62. Kg4 Kh6 63. f5 Nf6+ 64. Kg3 Kxh5 65. Kg2 Kxh4 66. Kf2
Kg4 67. Kg2 Kxf5 1/2-1/2

[Event "World Rapid 2025"]
[Site "Doha QAT"]
[Date "2025.12.28"]
[Round "11.12"]
[White "Zemlyanskii, Ivan"]
[Black "Nepomniachtchi, Ian"]
[Result "0-1"]
[WhiteTitle "GM"]
[BlackTitle "GM"]
[WhiteElo "2592"]
[BlackElo "2723"]
[WhiteFideId "24249971"]
[BlackFideId "4168119"]
[EventDate "2025.12.26"]

1. e4 c5 2. Nf3 d6 3. d4 cxd4 4. Nxd4 Nf6 5. Nc3 a6 6. f4 g6 7. e5 dxe5 8. fxe5
Nd5 9. Qf3 Nxc3 10. Qxc3 Bg7 11. Bf4 O-O 12. O-O-O Qb6 13. Bc4 Nc6 14. Rhe1 Bg4
15. Rd2 Rac8 16. Qe3 Rfd8 17. Nxc6 Qxc6 18. Bb3 Be6 19. Red1 Rxd2 20. Rxd2 h5
21. h4 b5 22. Bxe6 Qxe6 23. Kb1 Rc4 24. g3 Qc6 25. Re2 Qd5 26. Re1 Rd4 27. Qe2
a5 28. c3 Rc4 29. Rd1 Qc6 30. Qd3 b4 31. cxb4 Rxb4 32. Qd5 Qc3 33. Rd2 e6 34.
Qd6 Kh7 35. Rc2 Qe1+ 36. Rc1 Qe2 37. Qd2 Qe4+ 38. Ka1 Bxe5 39. Bxe5 Qxe5 40. Qf2
Kg7 41. Rf1 Rb7 42. a3 Rd7 43. Re1 Qd4 44. Qe2 Rb7 45. Qc2 Kh7 46. Rf1 e5 47.
Rf2 e4 48. Rd2 Qe5 49. Re2 e3 50. Qc3 Re7 51. Qxe5 Rxe5 52. Kb1 g5 53. hxg5 Kg6
54. Kc2 Kxg5 55. Kd3 Kg4 56. Rxe3 Rxe3+ 57. Kxe3 a4 58. Kf2 f6 59. Kg2 f5 60.
Kf2 f4 61. gxf4 Kxf4 0-1

[Event "World Rapid 2025"]
[Site "Doha QAT"]
[Date "2025.12.28"]
[Round "11.13"]
[White "Caruana, Fabiano"]
[Black "Bai, Jinshi"]
[Result "1-0"]
[WhiteTitle "GM"]
[BlackTitle "GM"]
[WhiteElo "2795"]
[BlackElo "2599"]
[WhiteFideId "2020009"]
[BlackFideId "8602280"]
[EventDate "2025.12.26"]

1. e4 e5 2. Nf3 Nf6 3. Nxe5 d6 4. Nf3 Nxe4 5. Nc3 Nxc3 6. dxc3 Be7 7. Be3 O-O 8.
Qd2 Nd7 9. O-O-O Re8 10. Bd3 Nf6 11. c4 a6 12. Kb1 c5 13. Rhe1 Bd7 14. Bg5 Bc6
15. h4 Qd7 16. Qf4 Rad8 17. Bf5 Qc7 18. h5 Bxf3 19. gxf3 Nxh5 20. Bxh7+ Kf8 21.
Qh4 Bxg5 22. Qxg5 Rxe1 23. Rxe1 g6 24. f4 Ng7 25. f5 Re8 26. Rxe8+ Kxe8 27. fxg6
Qe7 28. gxf7+ Kf8 29. Qxe7+ Kxe7 30. Be4 b6 31. Bd5 Nh5 32. Kc1 Nf4 33. Kd2 Ng6
34. Ke3 Kf6 35. f4 a5 36. f5 Nf8 37. Ke4 Ke7 38. Be6 1-0

[Event "World Rapid 2025"]
[Site "Doha QAT"]
[Date "2025.12.28"]
[Round "11.14"]
[White "Grischuk, Alexander"]
[Black "Hong, Andrew"]
[Result "1-0"]
[WhiteTitle "GM"]
[BlackTitle "GM"]
[WhiteElo "2654"]
[BlackElo "2568"]
[WhiteFideId "4126025"]
[BlackFideId "2099438"]
[EventDate "2025.12.26"]

1. e4 e5 2. Nf3 Nc6 3. Bb5 a6 4. Ba4 Nf6 5. O-O Be7 6. Bxc6 dxc6 7. d3 Nd7 8.
Nc3 O-O 9. Be3 a5 10. a4 Re8 11. Ne2 Bf8 12. Ng3 Nc5 13. Kh1 f6 14. Nh4 Ne6 15.
Ngf5 g6 16. Nh6+ Bxh6 17. Bxh6 f5 18. Nf3 f4 19. g3 Qf6 20. Rg1 Kh8 21. Qd2 g5
22. gxf4 Qxh6 23. f5 Qf6 24. Rg3 Nf4 25. Nxg5 c5 26. c3 Rd8 27. Rag1 b6 28. d4
cxd4 29. cxd4 Bb7 30. Qc3 Qe7 31. dxe5 Ne2 32. Qa3 Nxg3+ 33. Rxg3 Bxe4+ 34. Nxe4
Qxe5 35. Ng5 Rd7 36. Nf3 Qf6 37. Qe3 Rf8 38. Ne5 Rd1+ 39. Kg2 Qxf5 40. Ng6+ hxg6
41. Qh6+ Kg8 42. Rxg6+ Kf7 43. Rg7+ Ke8 44. Qe3+ 1-0